Normal view
MARC view
Entry Personal Name
001 - CONTROL NUMBER
- control field: 44359
003 - CONTROL NUMBER IDENTIFIER
- control field: dpl
005 - DATE AND TIME OF LATEST TRANSACTION
- control field: 20120327132334.0
008 - FIXED-LENGTH DATA ELEMENTS
- fixed length control field: 120327|||a|||||| | ||| d
040 ## - CATALOGING SOURCE
- Original cataloging agency: dpl
- Transcribing agency: dpl
100 ## - HEADING--PERSONAL NAME
- Personal name: गुप्त, विश्व प्रकाश
670 ## - SOURCE DATA FOUND
- Source citation: Work cat.: (dpl): गुप्त, विश्व प्रकाश, राजनीतिक विचारधाराएं उद्भव और विकास /, 2005
670 ## - SOURCE DATA FOUND
- Source citation: Work cat.: (dpl): गुप्त, विश्व प्रकाश, राजनीतिक विचारधाराएं उद्भव और विकास /, 2005
